Actualidad tributaria (Registro nro. 35632)

Detalles MARC
000 -LEADER
fixed length control field 00329 a2200121 4500
001 - CONTROL NUMBER
control field ART_57022
005 - DATE AND TIME OF LATEST TRANSACTION
control field 20260410162049.0
008 - FIXED-LENGTH DATA ELEMENTS--GENERAL INFORMATION
fixed length control field 260409a
100 1# - MAIN ENTRY--PERSONAL NAME
Personal name Dalmasio, Adalberto Raúl
245 10 - TITLE STATEMENT
Title Actualidad tributaria
700 1# - ADDED ENTRY--PERSONAL NAME
Personal name Baldo, Alberto
773 0# - HOST ITEM ENTRY
Title Impuestos
Related parts - N° 130 (ago. 2022)
Record control number REV45175

No hay ítems disponibles.